| 000 | 00608aas a2200193 4500 | ||
|---|---|---|---|
| 999 |
_c63502 _d63502 |
||
| 001 | 768714001 | ||
| 003 | CO-MdFUSB | ||
| 005 | 20171026125133.0 | ||
| 008 | 171026s2010 ck ||||| |||| 00| 0 spa d | ||
| 022 | _a2145-8197 | ||
| 040 |
_aCO-MdFUSB _bspa _cCO-MdFUSB _dCO-MdFUSB |
||
| 041 | _aspa | ||
| 245 | 3 |
_aLas Farc Atacan y Secuestran _c/ El Tiempo |
|
| 300 |
_aNúmero 9 (2010), página 8 _c: 28 cm. |
||
| 520 | 1 | _aLa guerrilla pone al país contra la pared al aumentar sus acciones violentas. | |
| 650 | 1 | 4 | _aHISTORIA |
| 773 | 0 |
_tdk100 _049432 _959930 _gNúmero 9 (2010), página 8 _qPágina 8 |
|
| 942 | _cANA | ||